<?xml version="1.0" encoding="UTF-8"?>
<record
    xmlns:xsi="http://www.w3.org/2001/XMLSchema-instance"
    xsi:schemaLocation="http://www.loc.gov/MARC21/slim http://www.loc.gov/standards/marcxml/schema/MARC21slim.xsd"
    xmlns="http://www.loc.gov/MARC21/slim">

  <leader>01545nam a2200265 a 4500</leader>
  <controlfield tag="001">79398)</controlfield>
  <controlfield tag="003">BD-RjUL</controlfield>
  <controlfield tag="005">20220216114427.0</controlfield>
  <controlfield tag="008">220219m19341972ua h     b    001 0cara d</controlfield>
  <datafield tag="035" ind1=" " ind2=" ">
    <subfield code="a">(BD-RjUL)79398</subfield>
  </datafield>
  <datafield tag="040" ind1=" " ind2=" ">
    <subfield code="a">DLC</subfield>
    <subfield code="c">KUK</subfield>
    <subfield code="d">NBiSU</subfield>
    <subfield code="d">WaOLN</subfield>
    <subfield code="d">UaCaAUL</subfield>
    <subfield code="d">UkOxU</subfield>
    <subfield code="b">eng</subfield>
  </datafield>
  <datafield tag="041" ind1=" " ind2=" ">
    <subfield code="a">ara</subfield>
  </datafield>
  <datafield tag="082" ind1=" " ind2=" ">
    <subfield code="2">23</subfield>
    <subfield code="a">962.024</subfield>
    <subfield code="b">MAK 1934-72</subfield>
  </datafield>
  <datafield tag="100" ind1="1" ind2=" ">
    <subfield code="a">&#x645;&#x642;&#x631;&#x64A;&#x632;&#x649;&#x60C; &#x623;&#x62D;&#x645;&#x62F; &#x627;&#x628;&#x646; &#x639;&#x644;&#x64A;.;; Maqr&#x12B;z&#x12B;, A&#x1E25;mad ibn &#x2BF;Al&#x12B;,</subfield>
    <subfield code="d">1364-1442.</subfield>
    <subfield code="9">1389</subfield>
  </datafield>
  <datafield tag="245" ind1="1" ind2="0">
    <subfield code="a">&#x643;&#x62A;&#x627;&#x628; &#x627;&#x644;&#x633;&#x644;&#x648;&#x643; &#x644;&#x645;&#x639;&#x631;&#x641;&#x629; &#x62F;&#x648;&#x644; &#x627;&#x644;&#x645;&#x644;&#x648;&#x643; /  ;; Kit&#x101;b al-Sul&#x16B;k li-ma&#x2BF;rifat duwal al-mul&#x16B;k /</subfield>
    <subfield code="c">&#x644;&#x62A;&#x642;&#x649; &#x627;&#x644;&#x62F;&#x64A;&#x646; &#x623;&#x62D;&#x645;&#x62F; &#x627;&#x628;&#x646; &#x639;&#x644;&#x649; &#x627;&#x644;&#x645;&#x642;&#x631;&#x64A;&#x632;&#x649; &#x61B; &#x635;&#x62D;&#x62D;&#x647; &#x648;&#x648;&#x636;&#x639; &#x62D;&#x648;&#x627;&#x634;&#x64A;&#x647; &#x645;&#x62D;&#x645;&#x62F; &#x645;&#x635;&#x637;&#x641;&#x649; &#x632;&#x64A;&#x627;&#x62F;&#x629;. ;; li-taq&#x12B; al-D&#x12B;n A&#x1E25;mad Ibn &#x2BF;Al&#x12B; al-Maqr&#x12B;z&#x12B; ; &#x1E63;a&#x1E25;&#x1E25;a&#x1E25;ahu wa-wa&#x1E0D;a&#x2BF;a &#x1E25;aw&#x101;shihi Mu&#x1E25;ammad Mu&#x1E63;&#x1E6D;af&#xE1; Ziy&#x101;dah.</subfield>
    <subfield code="b">&#x633;&#x644;&#x648;&#x643; &#x644;&#x645;&#x639;&#x631;&#x641;&#x629; &#x62F;&#x648;&#x644; &#x627;&#x644;&#x645;&#x644;&#x648;&#x643; ;; Sul&#x16B;k li-ma&#x2BF;rifat duwal al-mul&#x16B;k</subfield>
  </datafield>
  <datafield tag="246" ind1="1" ind2="5">
    <subfield code="a">Chronicle of A&#x1E25;mad ibn &#x2BF;Ali al-Ma&#x1E33;r&#x12B;z&#x12B;, entitled Kitab al-Sul&#x16B;k li-ma&#x2BF;rifat duwal al-mul&#x16B;k</subfield>
  </datafield>
  <datafield tag="260" ind1=" " ind2=" ">
    <subfield code="a">al-Q&#x101;hirah ;; &#x627;&#x644;&#x642;&#x627;&#x647;&#x631;&#x629; :</subfield>
    <subfield code="b">Ma&#x1E6D;ba&#x2BF;at Lajnat al-Ta&#x2BC;l&#x12B;f wa-al-Tarjamah wa-al-Nashr,</subfield>
    <subfield code="c">1934-1972</subfield>
  </datafield>
  <datafield tag="300" ind1=" " ind2=" ">
    <subfield code="a">4 v. in 9 :</subfield>
    <subfield code="b">facsims. ;</subfield>
    <subfield code="c">29 cm.</subfield>
  </datafield>
  <datafield tag="500" ind1=" " ind2=" ">
    <subfield code="a">At head of title: Lajnat al-Ta&#x2BC;lif wa-al-Tarjamah wa-al-Nashr.</subfield>
  </datafield>
  <datafield tag="504" ind1=" " ind2=" ">
    <subfield code="a">Includes bibliographical references and indexes.</subfield>
  </datafield>
  <datafield tag="505" ind1=" " ind2=" ">
    <subfield code="a">Vol. 1.pt.1.--v.1.pt.2.--v.1.pt.3.--v.2.pt.1-2.--</subfield>
  </datafield>
  <datafield tag="650" ind1=" " ind2="0">
    <subfield code="a">Mamelukes.</subfield>
    <subfield code="9">1390</subfield>
  </datafield>
  <datafield tag="700" ind1="1" ind2=" ">
    <subfield code="a">&#x632;&#x64A;&#x627;&#x62F;&#x629;&#x60C; &#x645;&#x62D;&#x645;&#x62F; &#x645;&#x635;&#x637;&#x641;&#x649;.;; Ziy&#x101;dah, Mu&#x1E25;ammad Mu&#x1E63;&#x1E6D;af&#xE1;.</subfield>
    <subfield code="9">1391</subfield>
  </datafield>
  <datafield tag="942" ind1=" " ind2=" ">
    <subfield code="2">ddc</subfield>
    <subfield code="c">BK</subfield>
  </datafield>
  <datafield tag="999" ind1=" " ind2=" ">
    <subfield code="c">79398</subfield>
    <subfield code="d">79398</subfield>
  </datafield>
  <datafield tag="952" ind1=" " ind2=" ">
    <subfield code="0">0</subfield>
    <subfield code="1">0</subfield>
    <subfield code="2">ddc</subfield>
    <subfield code="4">0</subfield>
    <subfield code="7">1</subfield>
    <subfield code="8">NFIC</subfield>
    <subfield code="a">RUCL</subfield>
    <subfield code="b">RUCL</subfield>
    <subfield code="c">Reading</subfield>
    <subfield code="d">1968-09-17</subfield>
    <subfield code="e">Zeitlinger</subfield>
    <subfield code="g">350.00</subfield>
    <subfield code="o">A 962.024 MAK V-1 pt.1 1934</subfield>
    <subfield code="r">2022-02-16 00:00:00</subfield>
    <subfield code="t">C-1</subfield>
    <subfield code="y">BK</subfield>
  </datafield>
  <datafield tag="952" ind1=" " ind2=" ">
    <subfield code="0">0</subfield>
    <subfield code="1">0</subfield>
    <subfield code="2">ddc</subfield>
    <subfield code="4">0</subfield>
    <subfield code="7">1</subfield>
    <subfield code="8">NFIC</subfield>
    <subfield code="a">RUCL</subfield>
    <subfield code="b">RUCL</subfield>
    <subfield code="c">Reading</subfield>
    <subfield code="d">1968-09-17</subfield>
    <subfield code="e">Zeitlinger</subfield>
    <subfield code="g">350.00</subfield>
    <subfield code="o">A 962.024 MAK V.1 pt.2 1936</subfield>
    <subfield code="r">2022-02-16 00:00:00</subfield>
    <subfield code="t">C-1</subfield>
    <subfield code="y">BK</subfield>
  </datafield>
  <datafield tag="952" ind1=" " ind2=" ">
    <subfield code="0">0</subfield>
    <subfield code="1">0</subfield>
    <subfield code="2">ddc</subfield>
    <subfield code="4">0</subfield>
    <subfield code="7">1</subfield>
    <subfield code="8">NFIC</subfield>
    <subfield code="a">RUCL</subfield>
    <subfield code="b">RUCL</subfield>
    <subfield code="c">Reading</subfield>
    <subfield code="d">1968-09-17</subfield>
    <subfield code="e">Zeitlinger</subfield>
    <subfield code="g">350.00</subfield>
    <subfield code="o">A 962.024 MAK V.1 pt.3 1939</subfield>
    <subfield code="r">2022-02-16 00:00:00</subfield>
    <subfield code="t">C-1</subfield>
    <subfield code="y">BK</subfield>
  </datafield>
  <datafield tag="952" ind1=" " ind2=" ">
    <subfield code="0">0</subfield>
    <subfield code="1">0</subfield>
    <subfield code="2">ddc</subfield>
    <subfield code="4">0</subfield>
    <subfield code="7">1</subfield>
    <subfield code="8">NFIC</subfield>
    <subfield code="a">RUCL</subfield>
    <subfield code="b">RUCL</subfield>
    <subfield code="c">Reading</subfield>
    <subfield code="d">1968-09-17</subfield>
    <subfield code="e">Zeitlinger</subfield>
    <subfield code="g">350.00</subfield>
    <subfield code="o">A 962.024 MAK V.2 pt.1-2 1941-42</subfield>
    <subfield code="r">2022-02-16 00:00:00</subfield>
    <subfield code="t">C-1</subfield>
    <subfield code="y">BK</subfield>
  </datafield>
</record>
